|
|
|
|
| LEADER |
00000cam a22000004a 4500 |
| 001 |
musev2_1373 |
| 003 |
MdBmJHUP |
| 005 |
20230905040215.0 |
| 006 |
m o d |
| 007 |
cr||||||||nn|n |
| 008 |
091204s2010 inu o 00 0 eng d |
| 010 |
|
|
|z 2009051156
|
| 020 |
|
|
|a 9780253004345
|
| 020 |
|
|
|z 9780253354686
|
| 020 |
|
|
|z 0253004349
|
| 035 |
|
|
|a (OCoLC)646068250
|
| 040 |
|
|
|a MdBmJHUP
|c MdBmJHUP
|
| 043 |
|
|
|a e-ur---
|
| 050 |
0 |
4 |
|a ML1737.8.M67
|b H35 2010
|
| 082 |
0 |
|
|a 792.50947/31
|2 22
|
| 100 |
1 |
|
|a Haldey, Olga,
|d 1972-
|
| 245 |
1 |
0 |
|a Mamontov's Private Opera :
|b The Search for Modernism in Russian Theater /
|c Olga Haldey.
|
| 264 |
|
1 |
|a Bloomington :
|b Indiana University Press,
|c 2010.
|
| 264 |
|
3 |
|a Baltimore, Md. :
|b Project MUSE,
|c 2012
|
| 264 |
|
4 |
|c ©2010.
|
| 300 |
|
|
|a 1 online resource (416 pages):
|b ill. ;
|
| 336 |
|
|
|a text
|b txt
|2 rdacontent
|
| 337 |
|
|
|a computer
|b c
|2 rdamedia
|
| 338 |
|
|
|a online resource
|b cr
|2 rdacarrier
|
| 490 |
0 |
|
|a Russian music studies
|
| 504 |
|
|
|a Includes bibliographical references (p. 339-344) and index.
|
| 505 |
0 |
|
|a The silver age and the legacy of the 1860s -- Serving the beautiful -- Echoes of Abramtsevo -- Visual impressions -- Opera as drama -- From Meiningen to Meyerhold -- Politics, repertory, and the market -- Faces of the enterprise.
|
| 588 |
|
|
|a Description based on print version record.
|
| 650 |
|
0 |
|a Opera
|z Russia (Federation)
|z Moscow
|y 19th century.
|
| 610 |
2 |
0 |
|a Moskovskai͡a Chastnai͡a Opera.
|
| 600 |
1 |
0 |
|a Mamontov, Savva Ivanovich,
|d 1841-1918.
|
| 655 |
|
7 |
|a Electronic books.
|2 local
|
| 710 |
2 |
|
|a Project Muse.
|e distributor
|
| 830 |
|
0 |
|a Russian music studies (Bloomington, Ind.)
|
| 830 |
|
0 |
|a Book collections on Project MUSE.
|
| 856 |
4 |
0 |
|z Texto completo
|u https://projectmuse.uam.elogim.com/book/1373/
|
| 945 |
|
|
|a Project MUSE - Custom Collection
|
| 945 |
|
|
|a Project MUSE - 2010 Film, Theater and Performing Arts
|
| 945 |
|
|
|a Project MUSE - Archive Russian and East European Studies Foundation
|
| 945 |
|
|
|a Project MUSE - 2010 Complete
|